| 000 | 00669nam a2200193Ii 4500 | ||
|---|---|---|---|
| 003 | JO-AjNU | ||
| 008 | 230605s9999||||xx |||||||||||||| ||und|| | ||
| 040 |
_aJO-AjNU _bara _erda _cJO-AjNU |
||
| 041 | _aara | ||
| 050 | 1 | 4 | _aHD37.A7.M3722.2008 |
| 100 | 3 |
_aالمصري،احمد محمد, _eauthor _932088 |
|
| 245 | 0 | 0 | _aالادارة الحديثة:الاتصالات-المعلومات-القرارات |
| 264 | 3 | 1 | _aالاسكندرية:مؤسسة شباب الجامعة،2008 |
| 300 | _a358ص | ||
| 336 |
_atext _btxt _2rdacontent |
||
| 337 |
_aunmediated _bn _2rdamedia |
||
| 338 |
_avolume _bnc _2rdacarrier |
||
| 650 | 4 |
_aالادارة الحديثة _932089 |
|
| 999 |
_aA12914 _c16482 _d16482 |
||